Normal view
MARC view
- Project Supervisors Dr. Hasan Aftab Saeed Asst. Prof Yasser Riaz
Entry Personal Name
001 - CONTROL NUMBER
- control field: 73091
003 - CONTROL NUMBER IDENTIFIER
- control field: NUST
005 - DATE AND TIME OF LATEST TRANSACTION
- control field: 20210628204952.0
008 - FIXED-LENGTH DATA ELEMENTS
- fixed length control field: 210628|| aca||aabn | a|a d
040 ## - CATALOGING SOURCE
- Original cataloging agency: NUST
- Transcribing agency: NUST
100 ## - HEADING--PERSONAL NAME
- Personal name: Project Supervisors Dr. Hasan Aftab Saeed Asst. Prof Yasser Riaz
670 ## - SOURCE DATA FOUND
- Source citation: Work cat.: (NUST): Affan Azam Muhammad Abbas Mulk Muhammad Mudassir Muhammad Wajahat 73090, PR-SOF-1938-Design of Powered Stair Lift, 2020
